[Event "Katowice op"]
[Site "Katowice"]
[Date "1992.??.??"]
[Round "7"]
[White "Alekseev, Vadim"]
[Black "Jasnikowski, Zbigniew"]
[Result "1/2-1/2"]
[WhiteElo "2370"]
[BlackElo "2450"]

1.d4 Nf6 2.c4 g6 3.Nc3 d5 4.cxd5 Nxd5 5.e4 Nxc3 6.bxc3 Bg7 7.Qa4+ Nd7 8.Nf3 O-O
9.Bg5 c5 10.Rc1 a6 11.Qa3 b6 12.Bd3 h6 13.Be3 e6 14.Qb2 Bb7 15.Qd2 Kh7 16.e5 Rc8
17.O-O b5 18.Qe2 Nb6  1/2-1/2

[Event "Katowice op"]
[Site "Katowice"]
[Date "1992.??.??"]
[Round "8"]
[White "Poluljahov, Aleksandr"]
[Black "Neverov, Valeriy"]
[Result "0-1"]
[WhiteElo "2425"]
[BlackElo "2520"]

1.d4 Nf6 2.c4 g6 3.Nc3 d5 4.cxd5 Nxd5 5.e4 Nxc3 6.bxc3 Bg7 7.Bb5+ Bd7 8.Be2 c5
9.Nf3 cxd4 10.cxd4 Bc6 11.Qd3 Nd7 12.Rb1 a6 13.O-O O-O 14.d5 Bb5 15.Qe3 Bxe2
16.Qxe2 b5 17.a4 bxa4 18.Ba3 Re8 19.Rfd1 Ne5 20.Nd4 Rc8 21.Qxa6 Qd7 22.h3 Ra8
23.Qe2 Rec8 24.Rb4 Rc3 25.Bb2 Rcc8 26.Ba3 Rc3 27.Bb2 Rc7 28.Ra1 Rb7 29.Ba3 Rxb4
30.Bxb4 e6 31.Rd1 exd5 32.exd5 Qxd5 33.Nf5 Qc4 34.Qxc4 Nxc4 35.Nxg7 Kxg7
36.Rc1 Nb6 37.Bc5 Nd5 38.Rd1 Nf4 39.Bd6 Ne6 40.Rd3 Rd8 41.Kf1 f6 42.Rd2 a3
43.Bb4 Rxd2 44.Bxd2 a2 45.Bc3 Nf4 46.h4 Kf7 47.g3 Nd5 48.Bb2 Nb4 49.Ke1 Nc2+  0-1

[Event "Katowice op"]
[Site "Katowice"]
[Date "1992.??.??"]
[Round "9"]
[White "Volzhin, Alexander"]
[Black "Urban, Klaudiusz"]
[Result "1/2-1/2"]
[WhiteElo "2370"]
[BlackElo "2465"]

1.d4 Nf6 2.c4 g6 3.Nc3 d5 4.cxd5 Nxd5 5.e4 Nxc3 6.bxc3 Bg7 7.Be3 c5 8.Qd2 Qa5
9.Rb1 cxd4 10.cxd4 Qxd2+ 11.Kxd2 O-O 12.Nf3 Rd8 13.Bd3 Nc6 14.d5 Na5 15.Ke2 b6
16.Nd4 f5 17.f3 fxe4 18.fxe4 Bg4+ 19.Kd2 e6 20.Nxe6 Bxe6 21.dxe6 Rd6 22.Ke2 Rxe6
23.Rbc1 Be5 24.g3 Kg7 25.Rc2 Nc6 26.Bc4 Re7 27.Rd1 Bf6 28.Bd5 Nb4 29.Bxa8 Nxc2
30.Bf4 Nd4+ 31.Kf2 Nb5 32.Rd2 g5 33.Bxg5 Bxg5 34.Rd5 Rf7+ 35.Ke1  1/2-1/2

[Event "Kecskemet2"]
[Site "Kecskemet"]
[Date "1992.??.??"]
[Round "3"]
[White "Horvath, Csaba"]
[Black "Tolnai, Tibor"]
[Result "1/2-1/2"]
[WhiteElo "2515"]
[BlackElo "2495"]

1.c4 Nf6 2.d4 g6 3.Nc3 d5 4.cxd5 Nxd5 5.e4 Nxc3 6.bxc3 Bg7 7.Bc4 c5 8.Ne2 O-O
9.O-O Nc6 10.Be3 Bg4 11.f3 Na5 12.Bxf7+ Rxf7 13.fxg4 Rxf1+ 14.Kxf1 Qd6 15.e5 Qd5
16.g5 Qe4 17.Bf2 Rf8 18.Ng1 Nc4 19.Nf3 Ne3+ 20.Bxe3 Qxe3 21.Qb3+ Kh8 22.Re1 Qxg5
23.Qxb7 Qd2 24.Qxe7 Qd3+ 25.Re2 cxd4 26.cxd4 Qd1+ 27.Re1 Rxf3+ 28.gxf3 Qxf3+
29.Kg1 Qg4+ 30.Kh1 Qf3+ 31.Kg1 Qg4+  1/2-1/2

[Event "JUG-ch"]
[Site "Kladovo"]
[Date "1992.??.??"]
[Round "6"]
[White "Maksimovic, Branimir"]
[Black "Jevtic, Miodrag"]
[Result "0-1"]
[WhiteElo "2325"]
[BlackElo "2380"]

1.d4 Nf6 2.c4 g6 3.Nc3 d5 4.cxd5 Nxd5 5.e4 Nxc3 6.bxc3 Bg7 7.Bc4 c5 8.Ne2 O-O
9.O-O Nc6 10.Be3 Bg4 11.f3 Na5 12.Bd3 Bd7 13.Qd2 Rc8 14.d5 b5 15.Rab1 a6
16.f4 e6 17.d6 Be8 18.e5 f6 19.Ng3 Bc6 20.f5 exf5 21.Bxf5 gxf5 22.e6 Nc4
23.e7 Nxd2 24.exd8=Q Rcxd8 25.Bxd2 Rxd6 26.Be3 Rd5 27.Rxf5 Rxf5 28.Nxf5 Re8
29.Rd1 Bf8 30.Kf2 Re5 31.g4 Rd5 32.Rg1 Kf7 33.Rg3 Bd7 34.Rf3 h5 35.h3 hxg4
36.hxg4 Bxf5 37.gxf5 Ke8 38.Kg3 Bd6+ 39.Bf4 Kd7 40.Bxd6 Kxd6 41.Kf4 Rd2 42.a3 Ra2
43.Rd3+ Kc6 44.c4 b4 45.Re3 bxa3 46.Re6+ Kb7 47.Re1 Rc2 48.Ke4 Rxc4+ 49.Kd5 Ra4
50.Rb1+ Kc7 51.Ke6 a2 52.Ra1 c4 53.Kxf6 c3 54.Kg7 c2 55.f6 Rf4 56.f7 Kb6
57.f8=Q Rxf8 58.Kxf8 Kb5 59.Ke7 a5 60.Kd6 Kb4  0-1

[Event "JUG-ch"]
[Site "Kladovo"]
[Date "1992.??.??"]
[Round "13"]
[White "Ristic, Nebojsa"]
[Black "Jevtic, Miodrag"]
[Result "1/2-1/2"]
[WhiteElo "2410"]
[BlackElo "2380"]

1.d4 Nf6 2.c4 g6 3.Nc3 d5 4.cxd5 Nxd5 5.e4 Nxc3 6.bxc3 Bg7 7.Be2 c5 8.Nf3 cxd4
9.cxd4 Nc6 10.Be3 Qa5+ 11.Kf1  1/2-1/2

[Event "Kobanya op"]
[Site "Kobanya op"]
[Date "1992.??.??"]
[Round "2"]
[White "Touzane, Olivier"]
[Black "Roos, Daniel"]
[Result "0-1"]
[WhiteElo "2280"]
[BlackElo "2390"]

1.d4 Nf6 2.c4 g6 3.Nc3 d5 4.cxd5 Nxd5 5.e4 Nxc3 6.bxc3 Bg7 7.Nf3 O-O 8.Be2 b6
9.O-O Bb7 10.Qd3 Ba6 11.Qe3 c5 12.Rd1 Qc8 13.Bxa6 Qxa6 14.dxc5 Nc6 15.cxb6 axb6
16.Rb1 Rfd8 17.Rxd8+ Rxd8 18.Bd2 Qxa2 19.Qxb6 Rb8 20.Qxb8+ Nxb8 21.Rxb8+ Bf8
22.h4 Kg7 23.Rd8 Qb1+ 24.Kh2 Qxe4 25.Rd4 Qf5 26.Bf4 h5 27.c4 f6 28.Be3 Qc8
29.Nd2 e5 30.Rd5 Be7 31.Ra5 Kf7 32.Ra7 Ke6 33.Ra5 Bb4 34.Rb5 Bxd2 35.Rc5 Qd7
36.Rd5 Bxe3 37.Rxd7 Bf4+ 38.g3 Bxg3+ 39.Kxg3 Kxd7 40.Kf3 Kd6 41.Ke4 Kc5 42.Kd3 Kb4
43.f4 exf4  0-1

[Event "Kobanya op"]
[Site "Kobanya op"]
[Date "1992.??.??"]
[Round "4"]
[White "Vincze, Istvan"]
[Black "Roos, Daniel"]
[Result "1/2-1/2"]
[WhiteElo "2330"]
[BlackElo "2390"]

1.d4 Nf6 2.c4 g6 3.Nc3 d5 4.cxd5 Nxd5 5.e4 Nxc3 6.bxc3 Bg7 7.Qa4+ Nd7 8.Nf3 O-O
9.Bg5 c5 10.Rc1 a6 11.Qa3 Qc7 12.e5 f6 13.exf6 exf6 14.Be3 b6 15.Bc4+ Kh8
16.h4 Re8 17.Bd5 Bb7 18.Bxb7 Qxb7 19.dxc5 Bh6 20.h5 Bxe3 21.fxe3 g5 22.O-O Nxc5
23.Nd4 Qf7 24.h6 Rxe3 25.Rc2 Rae8 26.Qb4 Qc7 27.Qc4 b5 28.Qd5 R3e5 29.Qf3 Rf8
30.Rcf2 f5 31.Qc6 Qxc6 32.Nxc6 Ree8 33.Rxf5 Rxf5 34.Rxf5 Ne4 35.Nb4 g4 36.Nxa6 Nd6
37.Rg5 Nf7 38.Rxg4 Nxh6 39.Rb4 Re1+ 40.Kf2 Rc1 41.Rxb5 Rxc3 42.Rb2 Ng4+ 43.Ke1 Kg7
44.Nb4 Kg6 45.a4 Ne3 46.a5 Ra3 47.Ra2 Rxa2 48.Nxa2 Nxg2+ 49.Kd2 Nf4 50.Nc3 Ne6
51.Nd5 Nc5 52.Kc3 h5 53.Kc4 Na6 54.Kb5 Nb8 55.Kb6 h4 56.Kb7 Kg5  1/2-1/2

[Event "Kobanya op"]
[Site "Kobanya op"]
[Date "1992.??.??"]
[Round "8"]
[White "Zimmerman, Yuri"]
[Black "Deak, Sandor"]
[Result "1-0"]
[WhiteElo "2280"]
[BlackElo "2375"]

1.d4 Nf6 2.c4 g6 3.Nc3 d5 4.cxd5 Nxd5 5.e4 Nxc3 6.bxc3 Bg7 7.Nf3 c5 8.Rb1 O-O
9.Be2 cxd4 10.cxd4 Qa5+ 11.Qd2 Qxd2+ 12.Bxd2 e6 13.O-O b6 14.Bb4 Rd8 15.Rbc1 Ba6
16.Be7 Bxe2 17.Bxd8 Bxf1 18.Kxf1 Na6 19.Be7 f6 20.Ke2 Kf7 21.Bd6 Ke8 22.Rc3 Bf8
23.Bxf8 Kxf8 24.g4 Ke7 25.g5 fxg5 26.Nxg5 h6 27.Nf3 Nb4 28.a3 Na6 29.Ne5 g5
30.Rf3  1-0

[Event "Kobanya op"]
[Site "Kobanya op"]
[Date "1992.??.??"]
[Round "10"]
[White "Szabolcsi, Janos"]
[Black "Mansurov, Viacheslav"]
[Result "0-1"]
[WhiteElo "2375"]
[BlackElo "2285"]

1.d4 Nf6 2.c4 g6 3.Nc3 d5 4.cxd5 Nxd5 5.e4 Nxc3 6.bxc3 Bg7 7.Bb5+ Bd7 8.Bxd7+ Qxd7
9.Nf3 c5 10.O-O Nc6 11.d5 Na5 12.Bf4 O-O 13.Ne5 Qd8 14.Qe2 f5 15.h4 e6 16.dxe6 Qxh4
17.g3 Qe7 18.Nd7 Rfe8 19.exf5 Qxd7 20.exd7 Rxe2 21.Bg5 Nc6 22.Rad1 gxf5 23.d8=Q+ Nxd8
24.Bxd8 Bxc3 25.Rd7 Rd2  0-1

[Event "Komotini op"]
[Site "Komotini"]
[Date "1992.??.??"]
[Round "?"]
[White "Groszpeter, Attila"]
[Black "Tseitlin, Mikhail S"]
[Result "1-0"]
[WhiteElo "2520"]
[BlackElo "2495"]

1.d4 Nf6 2.c4 g6 3.Nc3 d5 4.cxd5 Nxd5 5.e4 Nxc3 6.bxc3 Bg7 7.Bb5+ Nd7 8.Nf3 O-O
9.O-O c5 10.a4 Nf6 11.Re1 Bg4 12.Ba3 cxd4 13.cxd4 Bxf3 14.Qxf3 a6 15.Bf1 Qxd4
16.Bxe7 Rfc8 17.Rad1 Qc3 18.Rd8+ Ne8 19.Qxc3 Bxc3 20.Red1 Rxd8 21.Bxd8 Rc8
22.g3 Nf6 23.f3 Kg7 24.Bb6 Rc6 25.Be3 Be5 26.Rb1 Rc3 27.Kf2 Rc7 28.Bd3 Rc3
29.Ke2 Ra3 30.Bc2 Rc3 31.Bd3 Ra3 32.f4 Bc3 33.Bc2 Ng4 34.Bc5 Ra2 35.Kd3 Bf6
36.Rxb7 Rb2 37.Rxb2 Bxb2 38.h3 Nf6 39.a5 Nh5 40.Bf2  1-0

[Event "Kuopio op"]
[Site "Kuopio"]
[Date "1992.??.??"]
[Round "7"]
[White "Novikov, Igor A"]
[Black "Banas, Jan"]
[Result "1-0"]
[WhiteElo "2585"]
[BlackElo "2375"]

1.d4 Nf6 2.c4 g6 3.Nc3 d5 4.cxd5 Nxd5 5.e4 Nxc3 6.bxc3 Bg7 7.Nf3 c5 8.Rb1 O-O
9.Be2 b6 10.O-O Bb7 11.Qd3 Ba6 12.Qe3 e6 13.Rd1 cxd4 14.cxd4 Bxe2 15.Qxe2 Qd7
16.d5 exd5 17.exd5 Re8 18.Qc4 Qf5 19.Bb2 Bxb2 20.Rxb2 Nd7 21.d6 Ne5 22.Nxe5 Qxe5
23.Rc2 Rad8 24.d7 Re7 25.h3 Kg7 26.Rcd2 Qc5 27.Qh4 Qe5 28.Qa4 Qa5 29.Qc2 Qc5
30.Qb2+ Qe5 31.Qa3 a5 32.Qc1 Qc5 33.Qb2+ f6 34.Rd5 Qb4 35.Qc1 Rf7 36.R1d4 Qe7
37.a4 Rff8 38.g3 Rb8 39.h4 Qd8 40.h5 g5 41.Qc6 Qe7 42.d8=Q  1-0

[Event "Le Touquet op"]
[Site "Le Touquet"]
[Date "1992.??.??"]
[Round "?"]
[White "Ward, Christopher"]
[Black "Bernard, Christophe"]
[Result "0-1"]
[WhiteElo "2440"]
[BlackElo "2305"]

1.d4 Nf6 2.c4 g6 3.Nc3 d5 4.cxd5 Nxd5 5.e4 Nxc3 6.bxc3 Bg7 7.Bc4 O-O 8.Ne2 c5
9.Be3 Nc6 10.Rc1 cxd4 11.cxd4 Qa5+ 12.Kf1 Bd7 13.h4 Rfc8 14.h5 e5 15.Bd2 Qa3
16.d5 Nd4 17.Nxd4 exd4 18.Qb3 Qxb3 19.axb3 a5 20.hxg6 hxg6 21.Ke2 b5 22.Bd3 a4
23.Rxc8+ Rxc8 24.bxa4 bxa4 25.Ra1 f5 26.f3 fxe4 27.fxe4 Be5 28.Bg5 Rc3 29.Ra2 a3
30.Kd2 Kf7 31.Be2 Rg3 32.Bh4 Rxg2 33.Rxa3 Bg4 34.Ra7+ Kg8 35.Ra8+ Kh7  0-1

[Event "Ljubljana op"]
[Site "Ljubljana"]
[Date "1992.??.??"]
[Round "7"]
[White "Sorokin, Maxim"]
[Black "Dvoirys, Semen I"]
[Result "1/2-1/2"]
[WhiteElo "2570"]
[BlackElo "2515"]

1.d4 Nf6 2.c4 g6 3.Nc3 d5 4.cxd5 Nxd5 5.e4 Nxc3 6.bxc3 Bg7 7.Be3 c5 8.Qd2 cxd4
9.cxd4 Nc6 10.Rd1 Qa5 11.Qxa5 Nxa5 12.Nf3 O-O 13.Be2 Bd7 14.Bd2 b6 15.O-O Rfc8
16.Rc1 Rxc1 17.Rxc1 Rc8 18.Rxc8+ Bxc8 19.Bxa5 bxa5 20.Bc4 e6 21.Ne5 Bb7 22.f3 Kf8
23.Kf2 Ke7 24.Ke3 Bh6+ 25.f4 g5 26.g3 gxf4+ 27.gxf4 f6 28.Nd3 Bc8 29.e5 fxe5
30.Nxe5 Bg7 31.Nc6+ Kd6 32.Nxa5 Bf6 33.Bd3 h6 34.Be4 Bd7 35.Nc4+ Ke7 36.Ne5 Be8
37.Bc2 Kd8 38.Bb3 Ke7 39.Kd3 Kd6 40.Bc4 Ke7 41.Ba6 Kd6 42.Bb7 Kc7 43.Be4 Bb5+
44.Kc3 Bh4 45.Kd2 Bf6 46.Bd3 Be8 47.Kc3 Kd6 48.Be4 Bh4 49.Ng4 h5 50.Ne5 Bf2
51.Nc4+  1/2-1/2

[Event "Ljubljana op"]
[Site "Ljubljana"]
[Date "1992.??.??"]
[Round "8"]
[White "Malaniuk, Vladimir P"]
[Black "Dvoirys, Semen I"]
[Result "1/2-1/2"]
[WhiteElo "2550"]
[BlackElo "2515"]

1.d4 Nf6 2.c4 g6 3.Nc3 d5 4.cxd5 Nxd5 5.e4 Nxc3 6.bxc3 Bg7 7.Be3 c5 8.Qd2 Qa5
9.Rb1 b6 10.Rb5 Qa4 11.Rb2 O-O 12.Bb5 Qa5 13.Nf3 Bd7 14.Be2 cxd4 15.cxd4 Nc6
16.O-O e6 17.Qc2 Rfc8 18.Qb1 Qa3 19.Rb3 Qe7 20.Ba6 Rd8 21.Rd1 Bc8 22.Bb5 Bb7
23.Bg5 Bf6 24.h4 h6 25.Bxf6 Qxf6 26.Bxc6 Bxc6 27.Rc3 Rac8 28.Rdc1 Bb7 29.Rxc8 Rxc8
30.Rxc8+ Bxc8 31.Qc1 Bb7 32.Qe3 Kg7 33.h5 g5 34.Ne5 Qe7 35.f3 Qb4 36.a3 Qb1+
37.Kh2 Qc2 38.Ng4 f6 39.Qe1 Qc7+ 40.Kg1 Qc4 41.Qa1 Bc8 42.d5 Qc5+ 43.Kh1 e5
44.Nh2 b5 45.Nf1 a5 46.Ng3 Bd7 47.Qb2 Kf7 48.Ne2 g4 49.fxg4 Qf2 50.Qc2 Ke8
51.d6 b4 52.axb4 axb4 53.Qc4 Qh4+ 54.Kg1 Qe1+ 55.Kh2 Qh4+ 56.Kg1 Qxg4 57.Kf2 f5
58.Qxb4 fxe4 59.Qb8+ Kf7 60.Qd8 Qe6 61.Qe7+  1/2-1/2

[Event "Lloyds Bank op"]
[Site "London"]
[Date "1992.??.??"]
[Round "?"]
[White "Volzhin, Alexander"]
[Black "Gurevich, Ilya"]
[Result "0-1"]
[WhiteElo "2405"]
[BlackElo "2510"]

1.d4 Nf6 2.c4 g6 3.Nc3 d5 4.cxd5 Nxd5 5.e4 Nxc3 6.bxc3 Bg7 7.Be3 c5 8.Qd2 Qa5
9.Rb1 b6 10.Rb5 Qa4 11.Rb2 O-O 12.Bb5 Qa5 13.Nf3 Bb7 14.Bh6 Bxe4 15.Bxg7 Kxg7
16.Ne5 Bd5 17.dxc5 Rd8 18.O-O a6 19.Be8 Qxc5 20.Bxf7 Nc6 21.Nd3 Qc4 22.Bxd5 Rxd5
23.Rxb6 Ne5 24.Qg5 Nf3+  0-1

[Event "ESP-ch"]
[Site "Madrid"]
[Date "1992.??.??"]
[Round "1"]
[White "Gomez Jurado, Luis Alberto"]
[Black "Fernandez Garcia, Jose L"]
[Result "0-1"]
[WhiteElo "2215"]
[BlackElo "2465"]

1.d4 Nf6 2.c4 g6 3.Nc3 d5 4.cxd5 Nxd5 5.e4 Nxc3 6.bxc3 Bg7 7.Bb5+ c6 8.Ba4 b5
9.Bb3 b4 10.Ne2 bxc3 11.Be3 Ba6 12.Rc1 Nd7 13.e5 e6 14.O-O O-O 15.Re1 c5
16.Nxc3 cxd4 17.Bxd4 Rc8 18.f4 Nc5 19.Bxc5 Rxc5 20.Qxd8 Rxd8 21.Ne4 Rxc1
22.Rxc1 Rd4 23.Nc5 Bb5 24.a4 Be8 25.Rd1 Bf8 26.Na6 Rxf4 27.g3 Rg4 28.Rd8 Bxa4
29.Kf2  0-1

[Event "Manila ol (Men)"]
[Site "Manila"]
[Date "1992.??.??"]
[Round "?"]
[White "Garcia Palermo, Carlos"]
[Black "Ftacnik, Lubomir"]
[Result "0-1"]
[WhiteElo "2465"]
[BlackElo "2550"]

1.d4 Nf6 2.c4 g6 3.Nc3 d5 4.cxd5 Nxd5 5.e4 Nxc3 6.bxc3 Bg7 7.Bc4 O-O 8.Ne2 Nc6
9.O-O b6 10.Bd3 e5 11.d5 Na5 12.a4 c6 13.c4 f5 14.Ba3 c5 15.Nc3 Bd7 16.Bc1 f4
17.Be2 f3 18.Bxf3 Nxc4 19.Be2 Nd6 20.Rb1 a6 21.Be3 Qc7 22.Rb3 Rfb8 23.Qb1 b5
24.axb5 axb5 25.Nxb5 Qb7 26.Bxc5 Nxb5 27.Qb2 Ra5 28.Rb1 Qa6 29.Bc4 Qc8 30.Bb4 Ra4
31.Rc1 Nd4 32.Bb5 Qxc1+ 33.Qxc1 Nxb3 34.Qc7 Ra1+ 35.Bf1 Rxb4 36.Qd8+ Bf8
37.Qxd7 Rb6 38.d6  0-1

[Event "Manila ol (Men)"]
[Site "Manila"]
[Date "1992.??.??"]
[Round "?"]
[White "Nenashev, Alexander"]
[Black "Lputian, Smbat G"]
[Result "1/2-1/2"]
[WhiteElo "2515"]
[BlackElo "2560"]

1.d4 Nf6 2.c4 g6 3.Nc3 d5 4.cxd5 Nxd5 5.e4 Nxc3 6.bxc3 Bg7 7.Bc4 c5 8.Ne2 Nc6
9.Be3 O-O 10.O-O Qc7 11.Rc1 Rd8 12.Bf4 Qd7 13.d5 Na5 14.Bb3 b5 15.Be3 Qc7
16.c4 bxc4 17.Bxc4 Nxc4 18.Rxc4 Ba6 19.Rxc5 Qe5 20.f3 e6 21.Bd4 Qg5 22.Re1 exd5
23.Nc3 Bxd4+ 24.Qxd4 dxe4 25.Nd5 Rd6 26.Qxe4 Qd8 27.Ne7+ Kg7 28.Qe5+ f6 29.Qg3 Rd1
30.Rc1 Qb6+ 31.Kh1 Rxc1 32.Rxc1 Rd8 33.h4 Rd7 34.Nf5+ Kf7 35.Nh6+ Kg7 36.Ng4 h5
37.Nf2 Bb7 38.Nh3 Qb2 39.Rc5 Kf7 40.Kh2 Qd4 41.Rc7 a5 42.a3 Ba6 43.Rc1 Qe3
44.Rc7 Qe7 45.Rxd7 Qxd7 46.Nf4 Qf5 47.Nxg6 Qxg6 48.Qc7+ Kg8 49.Qb8+ Kg7 50.Qa7+ Qf7
51.Qxa6 Qc7+ 52.Kh3 Qd7+ 53.g4 hxg4+ 54.fxg4 f5 55.Qe2 fxg4+  1/2-1/2

[Event "Manila ol (Women)"]
[Site "Manila"]
[Date "1992.??.??"]
[Round "?"]
[White "Johansson, Victoria"]
[Black "Amura, Claudia Noemi"]
[Result "1/2-1/2"]
[WhiteElo "2155"]
[BlackElo "2355"]

1.d4 Nf6 2.c4 g6 3.Nc3 d5 4.cxd5 Nxd5 5.e4 Nxc3 6.bxc3 Bg7 7.Bc4 b6 8.Ne2 Bb7
9.f3 O-O 10.O-O c5 11.Be3 cxd4 12.cxd4 Nc6 13.Rc1 Rc8 14.Qd2 Na5 15.Bd3 Qd7
16.Qb4 Rfd8 17.d5 Rxc1 18.Rxc1 Rc8 19.Rxc8+ Bxc8 20.Nd4 e6 21.Bb5 Qd8 22.dxe6 fxe6
23.Be2 Bf8 24.Qc3 Bg7 25.Qd2 e5 26.Nb5 Qxd2 27.Bxd2 Be6 28.Nxa7 Bxa2 29.Be3 Nc4
30.Bxc4+ Bxc4 31.Bxb6 Kf7 32.Nc6 Bf6 33.Kf2 Ke6 34.Bc5 h5 35.g3 h4 36.Ke3 hxg3
37.hxg3 g5 38.Nb4 Bd8 39.Nd3 Ba5 40.Bb4 Bxd3 41.Bxa5 Bc2 42.Bd8 g4 43.f4 exf4+
44.gxf4 g3 45.Bh4 g2 46.Bf2 Bd1 47.Bg1 Kf6 48.Kf2 Bc2 49.Kf3 Ke6 50.Bd4 Kd6
51.f5 g1=Q 52.Bxg1 Ke5  1/2-1/2

[Event "Manila ol (Women)"]
[Site "Manila"]
[Date "1992.??.??"]
[Round "?"]
[White "Dengler, Dijana"]
[Black "Putra, Ger Johns"]
[Result "0-1"]
[WhiteElo "2085"]
[BlackElo "2005"]

1.d4 Nf6 2.c4 g6 3.Nc3 d5 4.cxd5 Nxd5 5.e4 Nxc3 6.bxc3 Bg7 7.Nf3 c5 8.Rb1 O-O
9.Be2 Nc6 10.d5 Ne5 11.Nxe5 Bxe5 12.Qd2 Qa5 13.Rb3 Bd7 14.f4 Bg7 15.O-O b5
16.Ra3 Qb6 17.c4 bxc4 18.Bxc4 Rab8 19.e5 Bf5 20.Ra6 Qb4 21.Qxb4 Rxb4 22.Be2 Rb7
23.Ba3 Rc8 24.Bc4 Rd7 25.Rd1 g5 26.g3 h5 27.Bb5 Rb7 28.Bc6 Rb6 29.Rxa7 gxf4
30.gxf4 c4 31.Bxe7 c3 32.Bc5 c2 33.Rc1 Rb1 34.Be3 Bf8 35.Ra5 Rcb8 36.Kf2 Rxc1
37.Bxc1 Rb1 38.Be3 c1=Q 39.Bxc1 Rxc1 40.Ra8 Kg7 41.Ba4 Bc5+ 42.Ke2 Rh1 43.d6 Rxh2+
44.Kf1 Bd3+ 45.Ke1 Bb4+ 46.Kd1 Rh1+  0-1

[Event "Manila ol (Women)"]
[Site "Manila"]
[Date "1992.??.??"]
[Round "?"]
[White "Baumann, Claude"]
[Black "Putra, Ger Johns"]
[Result "1-0"]
[WhiteElo "2085"]
[BlackElo "2005"]

1.d4 Nf6 2.c4 g6 3.Nc3 d5 4.cxd5 Nxd5 5.e4 Nxc3 6.bxc3 Bg7 7.Bc4 c5 8.Ne2 O-O
9.O-O Nc6 10.Be3 Qc7 11.Rc1 Rd8 12.h3 a6 13.f4 b5 14.Bd3 c4 15.Bb1 e5 16.fxe5 Bxe5
17.Qe1 Bg7 18.Nf4 Ne7 19.Rc2 b4 20.cxb4 Bxd4 21.Bxd4 Rxd4 22.Qe3 Qe5 23.Rcf2 Rd7
24.Qf3 Bb7 25.Qg4 Rad8 26.Ne2 Nc6 27.a3 Rd1 28.Rxf7 Rxb1 29.Rxb7 Rxf1+ 30.Kxf1 Qa1+
31.Kf2 Rf8+ 32.Kg3 Qe5+ 33.Nf4 Qxe4 34.Rg7+ Kxg7 35.Nh5+  1-0

[Event "Manila ol (Women)"]
[Site "Manila"]
[Date "1992.??.??"]
[Round "?"]
[White "Amura, Claudia Noemi"]
[Black "Richtrova, Eliska"]
[Result "1/2-1/2"]
[WhiteElo "2355"]
[BlackElo "2320"]

1.d4 Nf6 2.c4 g6 3.Nc3 d5 4.cxd5 Nxd5 5.e4 Nxc3 6.bxc3 Bg7 7.Bc4 c5 8.Ne2 O-O
9.O-O Nc6 10.Be3 Bg4 11.f3 Bd7 12.Rb1 cxd4 13.cxd4 Na5 14.Bd5 Bc8 15.Qd2 e6
16.Rb5 Nc6 17.Bxc6 bxc6 18.Rc5 Ba6 19.Rd1 Bxe2 20.Qxe2 Qd7 21.Qc4 Rac8 22.Rc1 Rfd8
23.e5 f6 24.f4 g5 25.fxg5 fxe5 26.dxe5 Qf7 27.Qe4 Rd5 28.Rxd5 exd5 29.Qg4 Re8
30.Rxc6 Rxe5 31.Rc8+ Bf8 32.Bf2 Rf5 33.Qd4 Qb7 34.Rc1 a6 35.h4 Bg7 36.Qd3 Rf8
37.Bd4 Rf4 38.Bxg7 Kxg7 39.Qc3+ Kg8 40.Qc5 Qd7 41.h5 Rf8 42.Rd1 Rf5 43.Rb1 Rf8
44.Re1 Qf5 45.Qe3 Qf4 46.Qe6+ Rf7 47.Qe8+ Rf8 48.Qe6+ Rf7 49.Qe8+  1/2-1/2

[Event "Manila ol (Men)"]
[Site "Manila"]
[Date "1992.??.??"]
[Round "?"]
[White "Lobron, Eric"]
[Black "Malisauskas, Vidmantas"]
[Result "0-1"]
[WhiteElo "2575"]
[BlackElo "2490"]

1.d4 Nf6 2.c4 g6 3.Nc3 d5 4.cxd5 Nxd5 5.e4 Nxc3 6.bxc3 Bg7 7.Bc4 c5 8.Ne2 Nc6
9.Be3 O-O 10.Rc1 Na5 11.Bd3 cxd4 12.cxd4 b6 13.O-O Bb7 14.Qd2 Qd7 15.Bh6 Rac8
16.Bxg7 Kxg7 17.d5 e6 18.Nd4 exd5 19.e5 Qe7 20.Rce1 Nc6 21.Qf4 Nxd4 22.Qxd4 Kg8
23.Re3 f5 24.e6 f4 25.Re5 Qc5 26.Qb2 f3 27.gxf3 Rc7 28.Rfe1 Re7 29.Kg2 Qd6
30.Qd4 Rf6 31.f4 Rfxe6 32.h4 Rxe5 33.fxe5 Qc5 34.Qf4 d4+ 35.Kf1 Qd5 36.Be4 Qb5+
37.Kg1 Qxe5  0-1

[Event "Manila ol (Men)"]
[Site "Manila"]
[Date "1992.??.??"]
[Round "?"]
[White "Kanstler, Boris"]
[Black "Yermolinsky, Alex"]
[Result "1/2-1/2"]
[WhiteElo "2445"]
[BlackElo "2595"]

1.d4 Nf6 2.c4 g6 3.Nc3 d5 4.cxd5 Nxd5 5.e4 Nxc3 6.bxc3 Bg7 7.Be3 c5 8.Qd2 Qa5
9.Rb1 a6 10.Rc1 e6 11.Nf3 O-O 12.Bh6 Rd8 13.h4 cxd4 14.Bxg7 Kxg7 15.cxd4 Nc6
16.Qxa5 Nxa5 17.Kd2 Bd7 18.h5 f6 19.Bd3 Rac8 20.Ke3 gxh5 21.e5 Rxc1 22.Rxc1 Rc8
23.Rh1 Be8 24.exf6+ Kxf6 25.Bxh7 Rc3+ 26.Kf4 Nc6 27.g4 hxg4 28.Kxg4 Nxd4
29.Nxd4 Rc4 30.Rh6+ Kg7 31.Kg5 Rxd4 32.Rxe6 Bf7 33.Re7 b5 34.Bf5 Rd2 35.Be6 Rxf2  1/2-1/2

[Event "Manila ol (Men)"]
[Site "Manila"]
[Date "1992.??.??"]
[Round "?"]
[White "Santa Torres, Juan"]
[Black "Yang Xian"]
[Result "1/2-1/2"]
[WhiteElo "2225"]
[BlackElo "2385"]

1.d4 Nf6 2.c4 g6 3.Nc3 d5 4.cxd5 Nxd5 5.e4 Nxc3 6.bxc3 Bg7 7.Nf3 c5 8.Rb1 O-O
9.Be2 cxd4 10.cxd4 Qa5+ 11.Bd2 Qxa2 12.O-O a5 13.Bg5 Nd7 14.e5 f6 15.Nd2 b5
16.Rxb5 Ba6 17.Bc4+ Qxc4 18.Nxc4 Bxb5 19.Qb3 Bxc4 20.Qxc4+ Kh8 21.Bd2 fxe5
22.Qb5 Ra7 23.dxe5 Nxe5 24.Bxa5 Nc4 25.Bb4 Rc7 26.Bxe7 Rxe7 27.Qxc4 Ref7
28.g3 h5 29.h4 Kh7 30.Kg2 Rf5 31.Qe4 R8f7 32.Qd3 Rf8 33.Qe3 Bh6 34.Qe2 R8f7
35.Rd1 Bf8 36.Rd2  1/2-1/2

[Event "Mesa op2"]
[Site "Mesa"]
[Date "1992.??.??"]
[Round "?"]
[White "Caselas, Jacobo"]
[Black "Sion Castro, Marcelino"]
[Result "1-0"]
[WhiteElo "2250"]
[BlackElo "2400"]

1.d4 Nf6 2.c4 g6 3.Nc3 d5 4.cxd5 Nxd5 5.e4 Nxc3 6.bxc3 Bg7 7.Bc4 c5 8.Ne2 Nc6
9.Be3 O-O 10.O-O Qc7 11.Rc1 Rd8 12.Bf4 Qd7 13.d5 Na5 14.Bb3 b5 15.Qd2 e5
16.Bg5 Re8 17.c4 b4 18.Be3 Nxb3 19.axb3 Qd6 20.f4 exf4 21.Bxf4 Be5 22.Bxe5 Qxe5
23.Nf4 Bd7 24.Rce1 a5 25.Qf2 Qd4 26.Qxd4 cxd4 27.Nd3 Rec8 28.Ne5 Be8 29.Rd1 Ra6
30.Rxd4 f6 31.Nd3 Kg7 32.c5 Bb5 33.c6 Ra7 34.Rf2 Bxc6 35.dxc6 Rxc6 36.Ra2 Rc3
37.Nxb4 Rxb3 38.Nc6 Rc7 39.Nxa5 Rb8 40.Kf2 Rcc8 41.Rd7+ Kh6 42.Rf7 Kg5  1-0

[Event "Mislata op 1st"]
[Site "Mislata"]
[Date "1992.??.??"]
[Round "7"]
[White "Markotic, Gordan"]
[Black "Oltra Caurin, Ramon"]
[Result "0-1"]
[WhiteElo "2400"]
[BlackElo "2425"]

1.d4 Nf6 2.c4 g6 3.Nc3 d5 4.cxd5 Nxd5 5.e4 Nxc3 6.bxc3 Bg7 7.Nf3 O-O 8.Be2 c5
9.Rb1 Qc7 10.O-O Rd8 11.Bg5 b6 12.Qc1 Nc6 13.d5 Ne5 14.Nxe5 Qxe5 15.f4 Qc7
16.c4 f6 17.Bh4 e5 18.f5 gxf5 19.exf5 a6 20.Bd3 Bd7 21.Be4 Qd6 22.Rf3 b5
23.Bf2 Rdc8 24.Rh3 Be8 25.Rbb3 Ra7 26.Rbg3 Kh8 27.Rg4 Bf8 28.Be3 Rg7 29.Rxg7 Bxg7
30.Qe1 Bf7 31.Qh4 Bg8 32.g4 Rf8 33.Qf2 Rc8 34.g5 fxg5 35.Bxg5 Rf8 36.f6 Bxf6
37.Rh6  0-1

[Event "Mislata op 1st"]
[Site "Mislata"]
[Date "1992.??.??"]
[Round "8"]
[White "Coret Frasquet, Jose"]
[Black "Sanchez Almeyra, Jorge"]
[Result "0-1"]
[WhiteElo "2290"]
[BlackElo "2425"]

1.d4 Nf6 2.c4 g6 3.Nc3 d5 4.cxd5 Nxd5 5.e4 Nxc3 6.bxc3 Bg7 7.Be3 c5 8.Qd2 O-O
9.Nf3 Bg4 10.Rc1 Nd7 11.Bd3 e5 12.Nxe5 Bxe5 13.dxe5 Nxe5 14.Be2 Qxd2+ 15.Bxd2 Bxe2
16.Kxe2 f5 17.exf5 Rxf5 18.Be3 Ng4 19.c4 Re8 20.Rhf1 Nxh2 21.Rh1 Ng4 22.Rcf1 Rxf2+  0-1

[Event "Alekhine op"]
[Site "Moscow"]
[Date "1992.??.??"]
[Round "?"]
[White "Ulibin, Mikhail"]
[Black "Novik, Maxim"]
[Result "0-1"]
[WhiteElo "2570"]
[BlackElo "2430"]

1.d4 Nf6 2.c4 g6 3.Nc3 d5 4.cxd5 Nxd5 5.e4 Nxc3 6.bxc3 Bg7 7.Bb5+ c6 8.Ba4 O-O
9.Ne2 e5 10.O-O Nd7 11.Be3 Re8 12.Qc2 Qe7 13.f3 Nb6 14.Bb3 Be6 15.Rad1 Rad8
16.c4 exd4 17.Nxd4 Bc8 18.Ne2 Nd7 19.c5 Bf8 20.Rc1 Ne5 21.Rfd1 Rxd1+ 22.Rxd1 Nd7
23.Rc1 Rd8 24.Rd1 Ne5 25.Rxd8 Qxd8 26.Bd4 Qg5 27.Kh1 Nd7 28.e5 Qe7 29.Qc4 Bg7
30.f4 Nf8 31.Qa4 a6 32.Be3 Be6 33.Ng3 Qd7 34.Qd4 Qxd4 35.Bxd4 Bxb3 36.axb3 Ne6
37.Ne2 Bf8 38.b4 a5 39.bxa5 Nxd4 40.Nxd4 Bxc5 41.Nc2 f6 42.exf6 Kf7 43.g4 Bd6
44.Ne1 Kxf6 45.Nd3 c5 46.Kg2 c4 47.Ne1 Bxf4 48.Nc2 Ke5 49.Kf3 Bxh2 50.Ne3 Kd4
51.Ke2 Kc5  0-1

[Event "Moscow4"]
[Site "Moscow"]
[Date "1992.??.??"]
[Round "?"]
[White "Yuferov, Sergey  N"]
[Black "Baikov, Vladimir A"]
[Result "1/2-1/2"]
[WhiteElo "2440"]
[BlackElo "2345"]

1.d4 Nf6 2.c4 g6 3.Nc3 d5 4.cxd5 Nxd5 5.e4 Nxc3 6.bxc3 Bg7 7.Bc4 c5 8.Ne2 O-O
9.O-O Nc6 10.Be3 cxd4 11.cxd4 Na5 12.Rc1 Nxc4 13.Rxc4 b6  1/2-1/2

[Event "Alekhine op"]
[Site "Moscow"]
[Date "1992.??.??"]
[Round "?"]
[White "Sherbakov, Ruslan"]
[Black "Novik, Maxim"]
[Result "1/2-1/2"]
[WhiteElo "2530"]
[BlackElo "2430"]

1.d4 Nf6 2.c4 g6 3.Nc3 d5 4.cxd5 Nxd5 5.e4 Nxc3 6.bxc3 Bg7 7.Be3 c5 8.Qd2 Qa5
9.Rb1 a6 10.Rc1 cxd4 11.cxd4 Qxd2+ 12.Kxd2 Nc6 13.d5 Nd4 14.f4 e6 15.d6 Nc6
16.e5 f6 17.exf6 Bxf6 18.Nf3 O-O 19.Ng5 Bxg5 20.fxg5 Bd7 21.Bd3 Rac8 22.Be4 b5
23.h4 Ne5 24.h5 Nc4+ 25.Ke2 Bc6 26.Bxc6 Rxc6 27.hxg6 hxg6 28.d7 Rd8 29.Rcd1 Nxe3  1/2-1/2